Theories of counseling and psychotherapy : (Record no. 3617)

MARC details
000 -LEADER
fixed length control field 00874nam a22002537a 4500
003 - CONTROL NUMBER IDENTIFIER
control field OSt
005 - DATE AND TIME OF LATEST TRANSACTION
control field 20260423010213.0
008 - FIXED-LENGTH DATA ELEMENTS--GENERAL INFORMATION
fixed length control field 250711b |||||||| |||| 00| 0 eng d
020 ## - INTERNATIONAL STANDARD BOOK NUMBER
International Standard Book Number 9781412987233
040 ## - CATALOGING SOURCE
Original cataloging agency DWCL - Main lib
Transcribing agency OC
082 ## - DEWEY DECIMAL CLASSIFICATION NUMBER
Classification number Circ. 616.8914 Iv94t 2012
100 ## - MAIN ENTRY--PERSONAL NAME
Personal name Ivey Allen E.
245 ## - TITLE STATEMENT
Title Theories of counseling and psychotherapy :
Remainder of title a multicultural perspective/
Statement of responsibility, etc. Allen E. Ivey
250 ## - EDITION STATEMENT
Edition statement 7 edition.
260 ## - PUBLICATION, DISTRIBUTION, ETC.
Place of publication, distribution, etc. London :
Name of publisher, distributor, etc. SAGE Publications,
Date of publication, distribution, etc. c2012.
300 ## - PHYSICAL DESCRIPTION
Extent xxviii, [9] 744 pages :
Other physical details color illustrations ;
Dimensions 24 cm. + 2 CD-ROM (4 3/4 in.)
504 ## - BIBLIOGRAPHY, ETC. NOTE
Bibliography, etc. note Includes bibliographical references and index.
650 ## - SUBJECT ADDED ENTRY--TOPICAL TERM
Topical term or geographic name entry element 1. Counseling.
650 ## - SUBJECT ADDED ENTRY--TOPICAL TERM
Topical term or geographic name entry element 2. Psychotherapy methods.
650 ## - SUBJECT ADDED ENTRY--TOPICAL TERM
Topical term or geographic name entry element 3. Psychotherapy.
700 ## - ADDED ENTRY--PERSONAL NAME
Personal name Michael J. D,Andrea
700 ## - ADDED ENTRY--PERSONAL NAME
Personal name Mary Brandford Ivey
942 ## - ADDED ENTRY ELEMENTS (KOHA)
Source of classification or shelving scheme Dewey Decimal Classification
Koha item type Book Circulation
Edition 7 edition.
Call number prefix Circ.
Suppress in OPAC No
952 ## - LOCATION AND ITEM INFORMATION (KOHA)
--
Holdings
Withdrawn status Lost status Source of classification or shelving scheme Damaged status Not for loan Home library Current library Shelving location Date acquired Total Checkouts Full call number Barcode Date last seen Copy number Price effective from Koha item type Uniform Resource Identifier
    Dewey Decimal Classification     College Library College Library Circulation 08/22/2017   Circ. 616.8914 Iv94t 2012 CL51627 07/11/2025 c1 07/11/2025 BK-CIRC